000 nam a22 4500
999 _c219458
_d219458
003 Nust
005 20170209123853.0
008 170209b xxu||||| |||| 00| 0 eng d
020 _a 978-0007290970
040 _cNust
082 _a823.92
_bFLE
100 _aFleming, Leah;
245 _aThe War Widows /
_cLeah Fleming;
260 _aUK
_bHarper Collins
_c2008
300 _a456 p;
440 _aWar Widows
650 _aWar brides
_vFiction
650 _aWomen
_vFiction
942 _2ddc
_cBK